LIBRARY & INFORMATION CENTRE, KCAET, TAVANUR

ONLINE PUBLIC ACCESS CATALOGUE (OPAC)

Introduction to the theory of employment / (Record no. 1325)

MARC details
000 -LEADER
fixed length control field 00394cam a2200145ua 4500
041 ## - LANGUAGE CODE
Language code of text/sound track or separate title eng
082 ## - DEWEY DECIMAL CLASSIFICATION NUMBER
Classification number 331.125
Item number JOA/IN
100 ## - MAIN ENTRY--AUTHOR NAME
Personal name Joan, Robinson .
245 ## - TITLE STATEMENT
Title Introduction to the theory of employment /
260 ## - PUBLICATION, DISTRIBUTION, ETC. (IMPRINT)
Place of publication Melbourne :
Name of publisher MacMillan and Company Limited ,
Year of publication 1960.
300 ## - PHYSICAL DESCRIPTION
Number of Pages 102 ; .
942 ## - ADDED ENTRY ELEMENTS (KOHA)
Koha item type Books
Holdings
Withdrawn status Lost status Damaged status Home library Current library Date acquired Full call number Accession Number Koha item type
Withdrawn     KAUAET Sanskrit University 07/04/2012 331.125 5173 Books
free website counter